Kraje z dzikimi ptasznikami - Statystyki

Ogólne statystyki
  • Ten quiz został rozwiązany 79 razy
    55 od ostatniego zresetowania
  • Średni wynik to 62 z 138
Statystyki odpowiedzi
Kontynent Kraj % Poprawnych
Ameryka Północna Stany Zjednoczone
93%
Ameryka Północna Meksyk
91%
Ameryka Południowa Brazylia
89%
Ameryka Południowa Argentyna
82%
Ameryka Południowa Chile
71%
Afryka Egipt
71%
Karaiby Kuba
71%
Ameryka Południowa Wenezuela
71%
Europa Włochy
71%
Azja Chiny
69%
Europa Grecja
69%
Ameryka Południowa Ekwador
64%
Europa Hiszpania
64%
Ameryka Północna Honduras
64%
Azja Indie
64%
Afryka Republika Południowej Afryki
64%
Oceania Australia
62%
Ameryka Południowa Kolumbia
62%
Ameryka Północna Kostaryka
62%
Ameryka Południowa Peru
62%
Azja Turcja
62%
Ameryka Południowa Urugwaj
62%
Ameryka Południowa Gujana
60%
Ameryka Południowa Paragwaj
60%
Europa Portugalia
60%
Azja Tajlandia
60%
Ameryka Południowa Boliwia
58%
Afryka Libia
58%
Afryka Maroko
58%
Afryka Niger
58%
Ameryka Północna Panama
58%
Azja Cypr
56%
Ameryka Południowa/Europa Francja
56%
Karaiby Jamajka
56%
Afryka NIgeria
56%
Afryka Tanzania
56%
Azja Wietnam
56%
Karaiby Dominika
53%
Azja Indonezja
53%
Ameryka Północna Nikaragua
53%
Karaiby Dominikana
51%
Afryka Tunezja
51%
Afryka Kongo
49%
Azja Malezja
49%
Afryka Algieria
47%
Ameryka Północna Belize
47%
Azja Kambodża
47%
Afryka Kenia
47%
Europa Malta
47%
Ameryka Północna Salwador
47%
Afryka Zambia
47%
Afryka Zimbabwe
47%
Karaiby Bahamy
44%
Afryka Etiopia
44%
Ameryka Północna Gwatemala
44%
Karaiby Haiti
44%
Azja Iran
44%
Azja Izrael
44%
Afryka Madagaskar
44%
Afryka Sudan
44%
Azja Arabia Saudyjska
42%
Afryka Demokratyczna Republika Konga
42%
Azja Irak
42%
Azja Jemen
42%
Afryka Mauretania
42%
Azja Pakistan
42%
Afryka Senegal
42%
Afryka Somalia
42%
Azja Sri Lanka
42%
Afryka Sudan Południowy
42%
Ameryka Południowa Surinam
42%
Afryka Wybrzeże Kości Słoniowej
42%
Azja Afganistan
40%
Afryka Angola
40%
Afryka Czad
40%
Afryka Gwinea
40%
Afryka Mali
40%
Azja Oman
40%
Afryka Republika Środkowoafrykańska
40%
Karaiby Saint Vincent i Grenadyny
40%
Afryka Togo
40%
Afryka Erytrea
38%
Azja Filipiny
38%
Afryka Gambia
38%
Afryka Gwinea Bissau
38%
Afryka Mauritius
38%
Karaiby Saint Lucia
38%
Azja Singapur
38%
Ameryka Południowa Trynidad i Tobago
38%
Karaiby Antigua i Barbuda
36%
Karaiby Barbados
36%
Afryka Benin
36%
Azja Bhutan
36%
Afryka Botswana
36%
Afryka Burkina Faso
36%
Afryka Dżibuti
36%
Afryka Ghana
36%
Afryka Gwinea Równikowa
36%
Azja Laos
36%
Azja Mjanma
36%
Afryka Namibia
36%
Azja Nepal
36%
Karaiby Saint Kitts i Nevis
36%
Azja Bangladesz
33%
Oceania Fidżi
33%
Afryka Gabon
33%
Azja Jordania
33%
Afryka Lesotho
33%
Azja Liban
33%
Oceania Papua-Nowa Gwinea
33%
Afryka Seszele
33%
Azja Tajwan
33%
Karaiby Grenada
31%
Azja Syria
31%
Oceania Tonga
31%
Afryka Uganda
31%
Afryka Kamerun
29%
Azja Malediwy
29%
Afryka Mozambik
29%
Oceania Nauru
29%
Afryka Republika Zielonego Przylądka
29%
Afryka Rwanda
29%
Afryka Sierra Leone
29%
Oceania Vanuatu
29%
Oceania Mikronezja
27%
Oceania Samoa
27%
Afryka Wyspy Świętego Tomasza i Książęca
27%
Afryka Burundi
24%
Oceania Kiribati
24%
Afryka Liberia
24%
Oceania Palau
24%
Azja Timor Wschodni
24%
Oceania Tuvalu
24%
Oceania Wyspy Salomona
24%
Azja Brunei
22%
Afryka Eswatini
22%
Afryka Komory
22%
Oceania Wyspy Marshalla
22%
Nie znaleziono quizów pasujących do podanych kryteriów
Rozkład punktacji
Procent ludzi z każdym wynikiem
Percentyl według liczby udzielonych odpowiedzi
Twoja historia wyników
Nie rozwiązałeś tego quizu od ostatniego zresetowania